[Event "Rostov FIDE GP 2011"]
[Site "Rostov RUS"]
[Date "2011.08.14"]
[Round "11.1"]
[White "Kosintseva, Nadezhda"]
[Black "Ruan, Lufei"]
[Result "1/2-1/2"]
[WhiteElo "2560"]
[BlackElo "2479"]
[PlyCount "59"]
[EventDate "2011.08.01"]
[EventType "tourn"]
[EventRounds "11"]
[EventCountry "RUS"]
[EventCategory "12"]
[Source "lmi"]
[SourceDate "2011.08.01"]

1. c4 e5 2. Nc3 Nf6 3. g3 d5 4. cxd5 Nxd5 5. Bg2 Nb6 6. Nf3 Nc6 7. O-O Be7 8.
Rb1 O-O 9. b4 a6 10. a3 Be6 11. d3 f6 12. Ne4 Rb8 13. Qc2 Bd5 14. Bb2 Kh8 15.
Rfd1 Qe8 16. Nc5 Qf7 17. Ba1 Bxc5 18. Qxc5 Rfd8 19. e4 Ba2 20. Rbc1 Be6 21. h3
Rd7 22. Qe3 Rbd8 23. Rd2 Rd6 24. Bf1 Qd7 25. g4 h6 26. Rcd1 Bb3 27. Rc1 Be6 28.
Rcd1 Bb3 29. Rc1 Be6 30. Rcd1 1/2-1/2

[Event "Rostov FIDE GP 2011"]
[Site "Rostov RUS"]
[Date "2011.08.14"]
[Round "11.2"]
[White "Danielian, Elina"]
[Black "Muzychuk, Anna"]
[Result "1/2-1/2"]
[WhiteElo "2521"]
[BlackElo "2538"]
[PlyCount "98"]
[EventDate "2011.08.01"]
[EventType "tourn"]
[EventRounds "11"]
[EventCountry "RUS"]
[EventCategory "12"]
[Source "lmi"]
[SourceDate "2011.08.01"]

1. d4 f5 2. Nf3 Nf6 3. g3 g6 4. Bg2 Bg7 5. O-O O-O 6. b3 d6 7. Bb2 Ne4 8. Nbd2
Nxd2 9. Qxd2 Nd7 10. c4 Nf6 11. Qc2 c6 12. Nd2 Qc7 13. Rad1 e5 14. e4 exd4 15.
Bxd4 f4 16. c5 fxg3 17. hxg3 dxc5 18. Bxc5 Rd8 19. Qc4+ Qf7 20. Qxf7+ Kxf7 21.
Nc4 Rxd1 22. Rxd1 Ne8 23. Be3 Bf6 24. Na5 Be7 25. e5 Ng7 26. f4 Bg4 27. Ra1 Nf5
28. Bf2 Rb8 29. a3 g5 30. fxg5 Bxg5 31. b4 Be3 32. Re1 Bxf2+ 33. Kxf2 Rd8 34.
Nxb7 Rd2+ 35. Kg1 Nxg3 36. Nd6+ Ke6 37. Nc4 Ra2 38. Ne3 Ne2+ 39. Kh1 h5 40. b5
Rxa3 41. Nxg4 Ng3+ 42. Kh2 hxg4 43. bxc6 Rc3 44. Ra1 Nf5 45. Rxa7 Kxe5 46. Ra5+
Kf6 47. Ra4 Ne7 48. Rxg4 Nxc6 49. Bxc6 Rxc6 1/2-1/2

[Event "Rostov FIDE GP 2011"]
[Site "Rostov RUS"]
[Date "2011.08.14"]
[Round "11.4"]
[White "Kosintseva, Tatiana"]
[Black "Galliamova, Alisa"]
[Result "0-1"]
[WhiteElo "2557"]
[BlackElo "2492"]
[PlyCount "164"]
[EventDate "2011.08.01"]
[EventType "tourn"]
[EventRounds "11"]
[EventCountry "RUS"]
[EventCategory "12"]
[Source "lmi"]
[SourceDate "2011.08.01"]

1. e4 c5 2. Nf3 e6 3. d4 cxd4 4. Nxd4 a6 5. Bd3 Bc5 6. Nb3 Ba7 7. Qe2 Nc6 8.
Be3 d6 9. f4 Nf6 10. Nc3 b5 11. Bxa7 Rxa7 12. g4 b4 13. Na4 h6 14. O-O-O Qc7
15. Qe3 Bb7 16. Be2 Ra8 17. h4 Na5 18. Nxa5 Qxa5 19. b3 Bxe4 20. Rhe1 Rc8 21.
Bd3 d5 22. g5 Ng4 23. Qd4 Bxd3 24. Rxd3 O-O 25. h5 Rc6 26. Kb1 Qd8 27. Rg3 f5
28. gxh6 gxh6 29. Qxb4 Qh4 30. Rgg1 Rfc8 31. Rg2 Qxh5 32. Qe7 Qf7 33. Qh4 Kh7
34. Nb2 Qc7 35. Ree2 Qxf4 36. Qe7+ Kh8 37. Nd3 Qg5 38. Qf7 Qg7 39. Qh5 Qg5 40.
Qf7 Qg7 41. Qh5 Qf6 42. Ne5 Nxe5 43. Rxe5 R6c7 44. Re1 Rg7 45. Rge2 Re7 46. Rh2
Kh7 47. Reh1 Rg8 48. Qe2 Rg6 49. Qxa6 Reg7 50. Re1 f4 51. Qd3 Rf7 52. a4 f3 53.
Rf2 Qf5 54. Qe3 Rg2 55. Rh1 h5 56. a5 e5 57. a6 d4 58. Qd2 Rxf2 59. Qxf2 Ra7
60. Qh4 e4 61. Qd8 f2 62. Rf1 Rxa6 63. Qxd4 Rf6 64. Qa7+ Kg6 65. Qb8 Kh7 66.
Qc7+ Rf7 67. Qg3 Qg4 68. Qe3 Qg2 69. Qe2 Kg7 70. Kb2 h4 71. Qb5 e3 72. Qe5+ Kh7
73. Qh5+ Kg8 74. Qxh4 e2 75. Rh1 Qxh1 76. Qd8+ Kh7 77. Qd3+ Kh6 78. Qd6+ Kh5
79. Qe5+ Kg4 80. Qd4+ Kg3 81. Qe5+ Kg2 82. Qxe2 Qh4 0-1

[Event "Rostov FIDE GP 2011"]
[Site "Rostov RUS"]
[Date "2011.08.14"]
[Round "11.5"]
[White "Lahno, Kateryna"]
[Black "Koneru, Humpy"]
[Result "1/2-1/2"]
[WhiteElo "2536"]
[BlackElo "2614"]
[PlyCount "95"]
[EventDate "2011.08.01"]
[EventType "tourn"]
[EventRounds "11"]
[EventCountry "RUS"]
[EventCategory "12"]
[Source "lmi"]
[SourceDate "2011.08.01"]

1. c4 e6 2. Nc3 d5 3. d4 Bb4 4. e3 Nf6 5. a3 Bxc3+ 6. bxc3 O-O 7. cxd5 exd5 8.
Bd3 b6 9. Ne2 Ba6 10. O-O c5 11. f3 Re8 12. Ng3 Bxd3 13. Qxd3 Nc6 14. Bb2 c4
15. Qd2 h5 16. Rae1 h4 17. Nf5 Ne7 18. Nxe7+ Qxe7 19. Qf2 h3 20. g4 b5 21. Bc1
a5 22. g5 Nh7 23. e4 Nxg5 24. Qg3 f6 25. Bxg5 fxg5 26. exd5 Qxa3 27. Rxe8+ Rxe8
28. Re1 Rxe1+ 29. Qxe1 Kf8 30. Qe6 Qc1+ 31. Kf2 Qd2+ 32. Kf1 Qg2+ 33. Ke1 Qh1+
34. Ke2 Qxh2+ 35. Kd1 Qc7 36. Qxh3 b4 37. Qf5+ Kg8 38. Qe6+ Qf7 39. Qc8+ Kh7
40. Qh3+ Kg6 41. Qe6+ Qxe6 42. dxe6 b3 43. Kc1 Kf6 44. d5 a4 45. Kb2 Ke7 46.
Ka3 Kd6 47. Kb2 Ke7 48. Ka3 1/2-1/2